Score 0/20 Timer 07:00
0 Plays Today
% Correct
Apple
95%
Nike
94.9%
Pepsi
94.8%
Facebook
94.6%
McDonald's
94.6%
Twitter
94.6%
Amazon
94.4%
Starbucks
94.4%
Chrome
93.9%
Domino's
93.8%
% Correct
YouTube
93.3%
Microsoft
91.8%
Mastercard
90.6%
Instagram
90.6%
Adidas
90.5%
Dreamworks
89%
Mercedes-Benz
87.2%
Spotify
85.6%
Beats
80.2%
Wal-Mart
74.3%
Remove Ads.
Support Sporcle.
Get the best of Sporcle when you Go Orange. This ad-free experience offers more features, more stats, and more fun while also helping to support Sporcle. Thank you for becoming a member.

You're not logged in!

Compare scores with friends on all Sporcle quizzes.
OR
Log In

Show Comments

Extras

Top Quizzes Today


Score Distribution

Your Account Isn't Verified!

In order to create a playlist on Sporcle, you need to verify the email address you used during registration. Go to your Sporcle Settings to finish the process.

Report this User

Report this user for behavior that violates our Community Guidelines.

Details: